Дүрсгүй жаалын өдрийн тэмдэглэл:Нохой гаслам халуун өдрүүд (Бичлэгийн дугаар. 1074926)

MARC дэлгэрэнгүй
000 -Удирдлага
Ном зүйн бүртгэл тоо буюу кодлох утгыг агуулсан 01027nam a22002417a 4500
008 - ЕРӨНХИЙ МЭДЭЭЛЭЛ-ЭЛЕМЕНТҮҮДИЙН ӨГӨГДЛИЙН УРТ
fixed length control field 240702b mp ||||| |||| 00| 0 mon d
035 ## - СИСТЕМИЙН ХЯНАЛТЫН ДУГААР
Системийн хяналтын дугаар 17860
040 ## - ЭХ СУРВАЛЖИЙГ ТОДОРХОЙЛОН БИЧИХ
Анхны каталогийн байгууллага SU1322070
Каталогийн хэл Монгол
Бичлэг хийж нэвтрүүлэх байгууллага MN-UlNLM
Өөрчлүүлэх байгууллага MN-UlNLM
Бичиглэлийн тодорхойлолт rda
041 ## - ХЭЛНИЙ КОД
Текстийн хэлний код/фонограм буюу салангид гарчиг Монгол
042 ## - AUTHENTICATION CODE
Authentication code 45173
084 ## - БУСАД АНГИЛЛЫН ДУГААР
Ангиллын нэр Номын сан номзүйн ангилал
Анги 84.8(7АНУ)
Зохиогчийн 3-н тэмдэгт К.414
100 ## - ЗОХИОГЧИЙН ХЭСЭГ
Зохиогчийн нэр Кинни Ж.
245 #0 - ҮНДСЭН ГАРЧИГ
Гарчиг Дүрсгүй жаалын өдрийн тэмдэглэл:Нохой гаслам халуун өдрүүд
264 ## - ГАРАЛТЫН МЭДЭЭ
Хэвлэгдсэн газар Улаанбаатар
Бүтээгч, хэвлэгч, түгээгч, үйлдвэрлэгчийн нэр Цэнхэр гүзээлзгэнэ ХХК
Хэвлэгдсэн он 2018
300 ## - ТООНЫ МЭДЭЭ
Хуудасны тоо 270х.
336 ## - АГУУЛГЫН ТӨРӨЛ
Нөөц rdacontent
Агуулгын төрлийн нөхцөл text
Агуулгын төрлийн код txt
337 ## - MEDIA TYPE
Эх сурвалж rdamedia
Файлын төрөл unmediated
Файлын код n
338 ## - CARRIER TYPE
Source rdacarrier
Carrier type term volume
Carrier type code nc
490 ## - БОТИЙН/ЦУВРАЛЫН ТУХАЙ МЭДЭЭ
Ботийн/Цувралын нэр DIARY of a Wimpy Kid
Ботийн/Цувралын дугаар 7
650 ## - Сэдэв
Сэдэв ...Дунд сургуульд тохиолдсон адал явдлуудын тухай Грегийн тэмдэглэл. Сахлаа өдөрт хоёр удаа хусах шаардлагатай томоохон биетэй х...
942 ## - ЭЛЕМЕНТИЙН ТӨРӨЛ
Анги Номын сан номзүйн ангилал
Төрөл Ном
Захиалгууд
Буцаан татагдсан төлөв Хасагдсан шалтгаан Гэмтсэн төлөв Данс заагч Захиалах боломжгүй Үндсэн номын сан Одоогийн байршил Салбар танхим Салбар танхим Бүртгэсэн огноо Тавиурын заалт Баркод Үнэ Хамгийн сүүлд байсан огноо Нийт уншлаганд гарсан тоо Дансны дугаар Төрөл
          Сүхбаатар аймаг Сүхбаатар аймаг Сүхбаатар | Хүүхдийн уншлагын танхим Сүхбаатар | Хүүхдийн уншлагын танхим 2024-07-05 84.8(7АНУ) К.414 SU13217860-4-1 19900.00 2024-07-05   47424 Ном